00620nam a2200193Ia 4500008004100000020001400041082001500055100001800070245003700088250000700125260004000132300002400172500001900196600002100215650005000236942000700286952011800293999001500411240925s9999 xx 000 0 und d a201696681 a005.43 COH aCohen, Sandec 0aKai's Power Tools 3: for windows aNA aCalifornia:bPeachpit Pressc,1997. a1513p.bNAfPirated aIncludes Index aComputer Science aComputer science, information & general works cBK 001040708CSaUITUbUITUd2000-04-07eNAl1o005.43 COHpQ3440r2025-11-03 09:47:25s2025-10-31w2024-09-25yBK c5939d5939